003540000a2200097000450024501000000004100140010070000240011470000230013810000300016177300650019110aRespiración de embriones de caimán Crocodilus fuscus (Cope, 1868) Crocodylia: Alligatoridae0 aEspañol1 aStoneroock, Michael1 aUlloa D., Giovanni1 aRodríguez M., Miguel A.1 tTrianeakActa Científica y Tecnológicah5q123-131d1994